Central Library OPAC University of Rajshahi

স্বাধীনতা'৭১ / (Record no. 76075)

MARC details
000 -LEADER
fixed length control field 00935nam a2200241 a 4500
001 - CONTROL NUMBER
control field 76075
003 - CONTROL NUMBER IDENTIFIER
rucl marc code BD-RjUL
005 - DATE AND TIME OF LATEST TRANSACTION
control field 20211209082802.0
008 - FIXED-LENGTH DATA ELEMENTS--GENERAL INFORMATION
fixed length control field 191020s2017 bg a|||| |||| 00| 0 ben d
020 ## - INTERNATIONAL STANDARD BOOK NUMBER
International Standard Book Number 9787010502404
035 ## - SYSTEM CONTROL NUMBER
System control number (BD-RjUL)76295
040 ## - CATALOGING SOURCE
Original cataloging agency BD-RjUL
Language of cataloging eng
Transcribing agency BD-RjUL
Modifying agency BD-RjUL
041 ## - LANGUAGE CODE
Language code of text/sound track or separate title eng
082 ## - DEWEY DECIMAL CLASSIFICATION NUMBER
Edition number 23
Classification number 954.9205
Author mark and year SIS 2017
100 1# - MAIN ENTRY--PERSONAL NAME
Personal name সিদ্দিকী, কাদের
9 (RLIN) 211930
Relator term বঙ্গবীর
245 10 - TITLE STATEMENT
Title স্বাধীনতা'৭১ /
Statement of responsibility, etc. কাদের সিদ্দিকী
250 ## - EDITION STATEMENT
Edition statement ষষ্ঠ সংস্করণ
260 ## - PUBLICATION, DISTRIBUTION, ETC. (IMPRINT)
Place of publication, distribution, etc. ঢাকা :
Name of publisher, distributor, etc. অনন্যা,
Date of publication, distribution, etc. ২০১৭.
300 ## - PHYSICAL DESCRIPTION
Pagination ৮৬১, xvi পৃ. :
Illustrations চিত্র. ;
Size ২০ সেমি.
651 ## - SUBJECT ADDED ENTRY--GEOGRAPHIC NAME
Geographic name Bangladesh
General subdivision History
Chronological subdivision Revolution, 1971
9 (RLIN) 233946
Geographic name বাংলাদেশ
General subdivision ইতিহাস
Chronological subdivision মুক্তিযুদ্ধ, ১৯৭১
9 (RLIN) 233947
942 ## - ADDED ENTRY ELEMENTS (KOHA)
Source of classification or shelving scheme Dewey Decimal Classification
Koha item type Books
Holdings
Lost status Source of classification or shelving scheme Damaged status Not for loan Permanent Location Current Location Shelving location Date acquired Source of acquisition Cost, normal purchase price Total Checkouts Full call number Date last seen Copy number Koha item type
  Dewey Decimal Classification   Not For Loan Central Library, University of Rajshahi Central Library, University of Rajshahi Reading Room 24/09/2019 Vidyasagar, Rajshahi 700.00   B 954.9205 SIS 2017 20/10/2019 C-1 Books